| 000 | 01113nam a2200241 i 4500 | ||
|---|---|---|---|
| 001 | 179111 | ||
| 003 | ES-MaACL | ||
| 005 | 20250718153526.0 | ||
| 008 | 110913s2010 sp abd |||| |dspa d | ||
| 020 | _a978-84-975666-9-8 | ||
| 080 | _a325.3/.5(100)(091) | ||
| 100 | 1 |
_aEspino López, Antonio. _9147901 |
|
| 245 | 1 | 0 |
_aAtlas histórico del colonialismo / _cAntonio Espino López. |
| 260 |
_aMadrid : _bSíntesis, _c[2010] |
||
| 300 |
_a277 p. : _bmapas col., gráf. ; _c24 cm. |
||
| 505 | 8 | _aContiene: El ascenso de Occidente : La expansión colonial europea y el mercantilismo (siglo XV-1815) - Imperialismo e industrialización (1815-1880) - La plenitud del colonialismo (1880-1945) - El proceso de descolonización : los precedentes (1880-1945) - De la Segunda Guerra Mundial a la desintegración de la URSS (1945-1990) | |
| 650 | 7 |
_aColonialismo _2embne _911149 |
|
| 650 | 4 |
_aHistoria universal- _xAtlas. _913430 |
|
| 852 |
_aES-MaACL _9185983 _bR.146345 _jA-11499 _dOlim: N-4503 _cDEPO1 |
||
| 942 |
_2udc _cMONOGRAFIA |
||
| 999 |
_c179111 _d179111 |
||